Avoir une position active dans son rétablissement, est-ce que ça aide ? (notice n° 1639820)
[ vue normale ]
| 000 -LEADER | |
|---|---|
| fixed length control field | 01355cam a2200217 4500500 |
| 005 - DATE AND TIME OF LATEST TRANSACTION | |
| control field | 20260201071436.0 |
| 041 ## - LANGUAGE CODE | |
| Language code of text/sound track or separate title | fre |
| 042 ## - AUTHENTICATION CODE | |
| Authentication code | dc |
| 100 10 - MAIN ENTRY--PERSONAL NAME | |
| Personal name | Bensaïd, Sarah |
| Relator term | author |
| 245 00 - TITLE STATEMENT | |
| Title | Avoir une position active dans son rétablissement, est-ce que ça aide ? |
| 260 ## - PUBLICATION, DISTRIBUTION, ETC. | |
| Date of publication, distribution, etc. | 2016.<br/> |
| 500 ## - GENERAL NOTE | |
| General note | 64 |
| 520 ## - SUMMARY, ETC. | |
| Summary, etc. | Dans cet écrit, Sarah Bensaïd nous décrit la façon dont elle a perçu l’importance de l’aspect actif qu’elle a pu avoir dans son propre rétablissement. Elle raconte la façon dont elle en est venue à la conclusion selon laquelle, au sein d’une alliance thérapeutique, un bon dosage d’écoute réciproque est idéal, l’acceptation d’un partage d’informations de la part des médecins devant aller de pair avec une attitude volontairement confiante venant de l’usager. Elle décrit comment, au fil de son parcours, elle a réussi à faire confiance, réalisant que dans l’objectif de son rétablissement, la notion de contrat était primordiale. |
| 690 ## - LOCAL SUBJECT ADDED ENTRY--TOPICAL TERM (OCLC, RLIN) | |
| Topical term or geographic name as entry element | Communication |
| 690 ## - LOCAL SUBJECT ADDED ENTRY--TOPICAL TERM (OCLC, RLIN) | |
| Topical term or geographic name as entry element | Information |
| 690 ## - LOCAL SUBJECT ADDED ENTRY--TOPICAL TERM (OCLC, RLIN) | |
| Topical term or geographic name as entry element | Partenariat |
| 690 ## - LOCAL SUBJECT ADDED ENTRY--TOPICAL TERM (OCLC, RLIN) | |
| Topical term or geographic name as entry element | Pratique du soin |
| 690 ## - LOCAL SUBJECT ADDED ENTRY--TOPICAL TERM (OCLC, RLIN) | |
| Topical term or geographic name as entry element | Rétablissement |
| 786 0# - DATA SOURCE ENTRY | |
| Note | Pratiques en santé mentale | 62e aée | 2 | 2016-06-27 | p. 15-18 | 1286-1286 |
| 856 41 - ELECTRONIC LOCATION AND ACCESS | |
| Uniform Resource Identifier | <a href="https://shs.cairn.info/revue-pratique-en-sante-mentale-2016-2-page-15?lang=fr&redirect-ssocas=7080">https://shs.cairn.info/revue-pratique-en-sante-mentale-2016-2-page-15?lang=fr&redirect-ssocas=7080</a> |
Pas d'exemplaire disponible.




Réseaux sociaux